000 00204 a2200097 4500
001 28308
100 _aOrlandi, E
245 _aLife and Times of Leonards
260 _a
_bHamlyn
_c
090 _c18917
_d18917
942 _aNUST-CAE
_cM
_c9910
999 _c263381
_d263381